000 01049cam a22002174a 4500
005 20250826125622.0
008 250528s ||||||||||||||||||||||||d
035 _a21763
020 _a9789602096895
040 _aGR-AtMCL
_bgre
_dGR-AtMCL
_eAACR2
245 1 _aΔΙΚΤΥΑ ΥΠΟΛΟΓΙΣΤΩΝ
250 _a4
260 _bΚλειδάριθμος,
_c2003
300 _a1028
505 0 _aΦΥΣΙΚΟ ΕΠΙΠΕΔΟ ΕΠΙΠΕΔΟ ΣΥΝΔΕΣΜΟΥ ΜΕΤΑΔΟΣΗΣ ΔΕΔΟΜΕΝΩΝ ΥΠΟΕΠΙΠΕΔΟ ΕΛΕΓΧΟΥ ΠΡΟΣΠΕΛΑΣΗΣ ΜΕΣΩΝ ΕΠΙΠΕΔΟ ΔΙΚΤΥΟΥ ΕΠΙΠΕΔΟ ΜΕΤΑΦΟΡΑΣ ΕΠΙΠΕΔΟ ΕΦΑΡΜΟΓΩΝ
520 _aΦΥΣΙΚΟ ΕΠΙΠΕΔΟ ΕΠΙΠΕΔΟ ΣΥΝΔΕΣΜΟΥ ΜΕΤΑΔΟΣΗΣ ΔΕΔΟΜΕΝΩΝ ΥΠΟΕΠΙΠΕΔΟ ΕΛΕΓΧΟΥ ΠΡΟΣΠΕΛΑΣΗΣ ΜΕΣΩΝ ΕΠΙΠΕΔΟ ΔΙΚΤΥΟΥ ΕΠΙΠΕΔΟ ΜΕΤΑΦΟΡΑΣ ΕΠΙΠΕΔΟ ΕΦΑΡΜΟΓΩΝ
700 1 _aTanenbaum, Andrew S.
_9838
942 _cBK
999 _c6822
_d6822